1795 1675 1550 1379 1827 1622 1800 1562 1251 1835 1987 1892 1204 1668 1795 1713 1005 1988 1866 1238 1004 1737 1596 1381 1964 1601 1204 1584 1029 1682 1481 1414 1783 1042 1768 1342 1142 1576 1376 1586 1173 1290 1680 1787 1124 1533 1864 1093 1348 1296 1418 1888 1716 1297 1420 1432 1070 1971 1597 1459 1226 1328 1940 1737 1557 1403 1671 1535 1753 1479 1716 1766 1634 1536 1495 1952 1988 1812 1701 1214 1582 1232 1907 1639 1599 1833 1028 1100 1335 1892 1631 1552 1122 1545 1913 1080 1375 1747 1080 BCNSPRNW ULIB Ver.6.0+V

เปลี่ยนเป็นภาษาไทย

Change to English
 แสดงรายละเอียดบรรณานุกรม
  กลับหน้าหลัก

Brief Record : Get Marc (ISO 2709) : E-mail record : QR code < ปิดหน้าต่าง
LEADER : 00000nam 2200000uu 4500
001    13399123998
003     ULIB
008    141219s2556||||th 000 0 tha d
020    ^a9789747743593
060 04 ^aWC100^bภ979ร
100 0  ^aภากร โภไคยพงศ์
245 10 ^aโรคระบาด โรคติดเชื้อที่ต้องระวัง! =^bPandemic preparation and prevention /^cภากร โภไคยพงศ์
246 0  ^aPandemic preparation and prevention
260    ^aกรุงเทพฯ :^bต้นธรรม,^c2556
300    ^a160 หน้า :^bภาพประกอบ;^c19 ซม.
650  4 ^aมาลาเรีย
650  4 ^aอหิวาตกโรค
650  4 ^aไข้เลือดออก
650  4 ^aโรคแอนแทรกซ์
650  0 ^aไข้หวัดใหญ่
650  0 ^aไข้หวัดซาร์ล
650  0 ^aไข้หวัดนก
650  0 ^aไข้หวัดหมู
945    ^p100^l0^i037594
945    ^p100^l0^i037595
945    ^p100^l0^i037596
945    ^p100^l0^i037597
945    ^p100^l0^i037598
999    ^aเกษร โพธิ์สุวรรณ
รายการนี้ยังไม่มีแท็ก
คุณยังไม่ได้ล็อกอิน คุณสามารถมีกิจกรรมร่วมกับเว็บไซต์ได้ แต่ต้องล็อกอินก่อน ::
  ล็อกอิน

รายการสื่อสารสนเทศ

ลำดับที่ ประเภท เลขเรียก/บาร์โค้ด สถานที่ สถานะ
1. วิทยาศาสตร์การแพทย์ และสุขภาพ
หนังสือสำรอง
สถานะ=หนังสือสำรอง
WC100 ภ979ร ฉ.1 
  Barcode: 037594
ห้องสมุดวิทยาเขตสวรรค์ประชารักษ์
►ส่วนจัดเก็บหนังสือเก่า สปร
บนชั้น
  ขอยืม
2. วิทยาศาสตร์การแพทย์ และสุขภาพ
วิทยาศาสตร์การแพทย์ และสุขภาพ
WC100 ภ979ร ฉ.2 
  Barcode: 037595
ห้องสมุดวิทยาเขตสวรรค์ประชารักษ์
►ส่วนจัดเก็บหนังสือเก่า สปร
บนชั้น
  ขอยืม
3. วิทยาศาสตร์การแพทย์ และสุขภาพ
วิทยาศาสตร์การแพทย์ และสุขภาพ
WC100 ภ979ร ฉ.3 
  Barcode: 037596
ห้องสมุดวิทยาเขตสวรรค์ประชารักษ์
►ส่วนจัดเก็บหนังสือเก่า สปร
บนชั้น
  ขอยืม
4. วิทยาศาสตร์การแพทย์ และสุขภาพ
วิทยาศาสตร์การแพทย์ และสุขภาพ
WC100 ภ979ร ฉ.4 
  Barcode: 037597
ห้องสมุดวิทยาเขตสวรรค์ประชารักษ์
►ส่วนจัดเก็บหนังสือเก่า สปร
บนชั้น
  ขอยืม
5. วิทยาศาสตร์การแพทย์ และสุขภาพ
วิทยาศาสตร์การแพทย์ และสุขภาพ
WC100 ภ979ร ฉ.5 
  Barcode: 037598
ห้องสมุดวิทยาเขตสวรรค์ประชารักษ์
►ส่วนจัดเก็บหนังสือเก่า สปร
บนชั้น
  ขอยืม

รายการใกล้เคียง
    ผู้แต่ง [ภากร โภไคยพงศ์]

    หัวเรื่อง [มาลาเรีย]
    หัวเรื่อง [อหิวาตกโรค]
    หัวเรื่อง [ไข้เลือดออก]
    หัวเรื่อง [โรคแอนแทรกซ์]
    หัวเรื่อง [ไข้หวัดใหญ่]
    หัวเรื่อง [ไข้หวัดซาร์ล]
    หัวเรื่อง [ไข้หวัดนก]
    หัวเรื่อง [ไข้หวัดหมู]

BibComment


ยังไม่เคยถูกคอมเมนท์

คอมเมนท์ทรัพยากรรายการนี้
  คอมเมนท์: โรคระบาด โรคติดเ..


 Copyright 2026. Bcnsprnw @Library